Statistics for Famous actresses (photos)

Click here to take the quiz!

General Stats

  • This quiz has been taken 178 times
  • The average score is 23 of 40

Answer Stats

Answer% Correct
Angelina Jolie
93%
Marilyn Monroe
91%
Jennifer Aniston
90%
Jennifer Lawrence
79%
Jennifer Lopez
78%
Nicole Kidman
77%
Anne Hathaway
76%
Meryl Streep
76%
Sandra Bullock
76%
Emma Stone
68%
Kate Winslet
68%
Gwyneth Paltrow
65%
Natalie Portman
64%
Cameron Diaz
64%
Reese Witherspoon
63%
Mila Kunis
62%
Salma Hayek
60%
Scarlett Johansson
59%
Judi Dench
58%
Kristen Stewart
58%
Keira Knightley
56%
Penelope Cruz
56%
Helen Mirren
55%
Julianne Moore
54%
Charlize Theron
52%
Halle Berry
52%
Cate Blanchett
51%
Blake Lively
50%
Michelle Pfeiffer
49%
Catherine Zeta-Jones
48%
Jessica Biel
44%
Kirsten Dunst
44%
Anna Kendrick
44%
Jessica Alba
41%
Rachel McAdams
36%
Kristen Bell
29%
Jane Fonda
27%
Kate Beckinsale
23%
Milla Jovovich
21%
Naomi Watts
21%

Score Distribution

Percentile by Number Answered

Percent of People with Each Score

Your Score History

You have not taken this quiz